Toward a Christian Response to Witchcrafts in Northern Ghana (Record no. 11203)

MARC details
000 -LEADER
fixed length control field 00561nam a2200229 a 4500
001 - CONTROL NUMBER
control field 0001-1203
003 - CONTROL NUMBER IDENTIFIER
control field ELIB.Books
008 - FIXED-LENGTH DATA ELEMENTS--GENERAL INFORMATION
fixed length control field 150519 2010 eng
020 ## - INTERNATIONAL STANDARD BOOK NUMBER
International Standard Book Number KBTS
035 ## - SYSTEM CONTROL NUMBER
System control number (ELIB.Books)0001-1358
092 ## - LOCALLY ASSIGNED DEWEY CALL NUMBER (OCLC)
Classification number J
Item number Kir
100 ## - MAIN ENTRY--PERSONAL NAME
Personal name Kirby, Jan P
245 ## - TITLE STATEMENT
Title Toward a Christian Response to Witchcrafts in Northern Ghana
260 ## - PUBLICATION, DISTRIBUTION, ETC. (IMPRINT)
Date of publication, distribution, etc. 2015
300 ## - PHYSICAL DESCRIPTION
Dimensions J
500 ## - GENERAL NOTE
General note Vol. 39, No.1
650 ## - SUBJECT ADDED ENTRY--TOPICAL TERM
Topical term or geographic name as entry element Mission
856 ## - ELECTRONIC LOCATION AND ACCESS
Name of location of host KBTS: Library
Uniform Resource Identifier <a href="KBTS: Elib">KBTS: Elib</a>
942 ## - ADDED ENTRY ELEMENTS (KOHA)
Source of classification or shelving scheme Dewey Decimal Classification
Koha item type Books
998 ## - LOCAL CONTROL INFORMATION (RLIN)
Cataloger's initials, CIN (RLIN) bat
-- 2015-05-19
Holdings
Withdrawn status Lost status Source of classification or shelving scheme Damaged status Not for loan Home library Current library Date acquired Total Checkouts Barcode Date last seen Bill Date Koha item type
    Dewey Decimal Classification     Karen Baptist Theological Seminary Library Karen Baptist Theological Seminary Library 19/05/2015   3 J 22/01/2022 22/01/2022 Books
Implemented & Customized by: BestBookBuddies

Powered by Koha